La Exposición de motivos del Anteproyecto de Ley de Telecomunicaciones y la Constitución /

El anteproyecto de Ley de Telecomunicaciones, abruptamente aprobado en la Asamblea Legislativa, se fundamenta en un constructo ideológico neoliberal y en una reforma al Art. 110 de la Carta Magna. Magaña fustiga el débil basamento constitucional del anteproyecto, planteando que, más allá de cualquie...

Descripció completa

Guardat en:
Dades bibliogràfiques
Autor principal: Magaña, Alvaro
Format: Text
Matèries:
Etiquetes: Afegir etiqueta
Sense etiquetes, Sigues el primer a etiquetar aquest registre!

MARC

LEADER 00000 a a2200000 04500
001 5147
003
040
100 |a Magaña, Alvaro  
245 |a La Exposición de motivos del Anteproyecto de Ley de Telecomunicaciones y la Constitución /  |c Alvaro Magaña 
520 |a El anteproyecto de Ley de Telecomunicaciones, abruptamente aprobado en la Asamblea Legislativa, se fundamenta en un constructo ideológico neoliberal y en una reforma al Art. 110 de la Carta Magna. Magaña fustiga el débil basamento constitucional del anteproyecto, planteando que, más allá de cualquier sustentación legal, el documento responde abiertamente a los intereses del gran capital salvadoreño y al de las transnacionales. REV/LCL  
650 |a TELECOMUNICACIONES  
650 |a REFORMA CONSTITUCIONAL  
650 |a LEGISLACION  
650 |a EMPRESAS TRANSNACIONALES  
773 |g volumen 51, número 575; páginas 747-773  
999 |c 19968  |d 19968